00495nam a2200193 a 4500001001300000003000900013005001700022008004100039020002300080082001300103100002100116245002400137260004200161300000900203500003500212505001000247650002300257700002100280nice12345678IN_TiNIC20260116014111.0050524s2002 lona grp 000 0 eng  a1903296 c49500a297bGOR aGordon, Mathew S aUnderstanding Islam aLondonbDuncan Baird Publishersc2002 a112p aincludes index and biblioraphy2 aIndex aIslam-Meccan Trade1 aGordon, Mathew S